5HLuxD.jpg

KING HENRY VIII SENIOR AND PRIMARY SCHOOL LIBRARY OPAC

ONE CHRISTMAS NIGHT (Record no. 4937)

000 -LEADER
fixed length control field 00317nam a22001217a 4500
008 - FIXED-LENGTH DATA ELEMENTS--GENERAL INFORMATION
fixed length control field 250424b ||||| |||| 00| 0 eng d
020 ## - INTERNATIONAL STANDARD BOOK NUMBER
International Standard Book Number 9781561487271
082 ## - DEWEY DECIMAL CLASSIFICATION NUMBER
Classification number 823.92 BUT
100 ## - MAIN ENTRY--PERSONAL NAME
Personal name BUTLER,M.CHRISTINA
Relator term AUTHOR
245 ## - TITLE STATEMENT
Title ONE CHRISTMAS NIGHT
260 ## - PUBLICATION, DISTRIBUTION, ETC.
Place of publication, distribution, etc. INTERCOURSE,PA 17534
Name of publisher, distributor, etc. GOOD BOOKS
Date of publication, distribution, etc. 2011
942 ## - ADDED ENTRY ELEMENTS (KOHA)
Source of classification or shelving scheme
Holdings
Withdrawn status Lost status Source of classification or shelving scheme Damaged status Not for loan Collection code Permanent Location Current Location Shelving location Date acquired Total Checkouts Full call number Barcode Date last seen Date last checked out Price effective from Koha item type Public note
          Fiction KH8 Primary School Library KH8 Primary School Library Fiction 2025-04-24 2 823.92 BUT KHPL000006792 2026-01-27 2026-01-20 2025-04-24 Books - Fiction KH8 PRIMARY LIBRARY

Powered By KH8 IT Dept